000 01529cam a22004934i 4500
003 PE-LiUPU
005 20251009160314.0
008 150623s r 000 0 d
040 _aPE-LiUPU
_bspa
_cPE-LiUPU
_erda
082 0 4 _a220.7
_bS497
_221
100 1 _aHorn, Siegfried H.,
_eautor.
_96991
245 1 0 _aSeventh-day Adventist Bible Dictionary /
_cpor Siegfried H. Horn; editado por Don F. Neufeld.
264 1 _aWashington :
_bReview and Herald Publishing Association,
_c1979.
300 _a1229 páginas :
_bilustraciones mapas, cuadros, tablas ;
_c23 cm.
336 _atext
_2rdacontent
337 _aunmediated
_2rdamedia
338 _avolume
_2rdacarrier
490 0 _aCommentary Reference Series ;
_v8
505 _aIntroductory Material -- Bible Dictionary -- Atlas
526 _aSEG44
526 _aSEG26
526 _aP151
526 _aP150
526 _aP149
526 _aP146
526 _aP145
526 _aP126
526 _aP125
526 _aP92
526 _aP75
526 _aP74
526 _aP27
526 _aP15
630 1 4 _aBiblia.
_xDiccionarios
_91696
700 _aNeufeld, Don F.,
_eeditor.
_97103
942 _2ddc
_cBK
980 _818226
_gJaime Vilcazán Jefe de Análisis Documental
_618226
_aJaime Vilcazán Jefe de Análisis Documental
999 _c63096
_d63095